What's eating Gilbert Grape ? (Record no. 18071)
[ view plain ]
| 000 -LEADER | |
|---|---|
| fixed length control field | 01484cgm a22003497a 4500 |
| 007 - PHYSICAL DESCRIPTION FIXED FIELD--GENERAL INFORMATION | |
| fixed length control field | vd cgaizm |
| 008 - FIXED-LENGTH DATA ELEMENTS--GENERAL INFORMATION | |
| fixed length control field | 140217t2008 xxk118 e |||| 0| vleng d |
| 020 ## - INTERNATIONAL STANDARD BOOK NUMBER | |
| International Standard Book Number | 5055201805447 |
| 082 04 - DEWEY DECIMAL CLASSIFICATION NUMBER | |
| Edition number | 22 |
| Classification number | 791.4372 |
| Item number | WHA |
| 245 00 - TITLE STATEMENT | |
| Title | What's eating Gilbert Grape ? |
| Medium | [videorecording] / |
| Statement of responsibility, etc | Paramount Pictures ; produced by David Matalon, Meir Teper, Bertil Ohlsson ; screenplay by Peter Hedges ; directed by Lasse Hallström. |
| 260 ## - PUBLICATION, DISTRIBUTION, ETC. (IMPRINT) | |
| Place of publication, distribution, etc | [London] : |
| Name of publisher, distributor, etc | Optimum Releasing Ltd., |
| Date of publication, distribution, etc | c.2008. |
| 300 ## - PHYSICAL DESCRIPTION | |
| Extent | 1 videodisc (118 min.) : |
| Other physical details | sd., col. ; |
| Dimensions | 4 3/4 in. |
| 500 ## - GENERAL NOTE | |
| General note | Based on the novel by Peter Hedges. |
| 500 ## - GENERAL NOTE | |
| General note | Originally released as a motion picture in 1993. |
| 508 ## - CREATION/PRODUCTION CREDITS NOTE | |
| Creation/production credits note | Director of photography Sven Nykvist. |
| 511 ## - PARTICIPANT OR PERFORMER NOTE | |
| Participant or performer note | Juliette Lewis, Johnny Depp, Leonardo DiCaprio. |
| 521 ## - TARGET AUDIENCE NOTE | |
| Target audience note | Suitable only for persons of 12 years and over. |
| 586 ## - AWARDS NOTE | |
| Awards note | Nominated for the Academy award for the best supporting actor. |
| 650 #0 - SUBJECT ADDED ENTRY--TOPICAL TERM | |
| 9 (RLIN) | 35270 |
| Topical term or geographic name as entry element | Dysfunctional families |
| Form subdivision | Drama |
| 653 ## - INDEX TERM--UNCONTROLLED | |
| -- | GGEN |
| -- | February2014 |
| 700 1# - ADDED ENTRY--PERSONAL NAME | |
| 9 (RLIN) | 35271 |
| Personal name | DiCaprio, Leonardo, |
| Dates associated with a name | 1974- |
| 700 1# - ADDED ENTRY--PERSONAL NAME | |
| 9 (RLIN) | 35272 |
| Personal name | Depp, Johnny, |
| Dates associated with a name | 1963- |
| 700 1# - ADDED ENTRY--PERSONAL NAME | |
| 9 (RLIN) | 35273 |
| Personal name | Lewis, Juliette, |
| 700 1# - ADDED ENTRY--PERSONAL NAME | |
| 9 (RLIN) | 35274 |
| Personal name | Nykvist, Sven, |
| Dates associated with a name | 1922-2006 |
| 700 1# - ADDED ENTRY--PERSONAL NAME | |
| 9 (RLIN) | 35275 |
| Personal name | Hallström, Lasse, |
| Dates associated with a name | 1946- |
| 700 1# - ADDED ENTRY--PERSONAL NAME | |
| 9 (RLIN) | 35276 |
| Personal name | Hedges, Peter, |
| Dates associated with a name | 1962- |
| 700 1# - ADDED ENTRY--PERSONAL NAME | |
| 9 (RLIN) | 35277 |
| Personal name | Ohlsson, Bertil |
| 700 1# - ADDED ENTRY--PERSONAL NAME | |
| 9 (RLIN) | 35278 |
| Personal name | Teper, Meir |
| 700 1# - ADDED ENTRY--PERSONAL NAME | |
| 9 (RLIN) | 35279 |
| Personal name | Matalon, David |
| 710 2# - ADDED ENTRY--CORPORATE NAME | |
| 9 (RLIN) | 35269 |
| Corporate name or jurisdiction name as entry element | Paramount Pictures Corporation (1914-1927) |
| 942 ## - ADDED ENTRY ELEMENTS (KOHA) | |
| Source of classification or shelving scheme | Dewey Decimal Classification |
| Item type | |
| Call number prefix | 791.4372 WHA |
| Withdrawn status | Lost status | Source of classification or shelving scheme | Damaged status | Not for loan | Koha collection | Home library | Current library | Shelving location | Date acquired | Source of acquisition | Total Checkouts | Full call number | Barcode | Date last seen | Koha item type |
|---|---|---|---|---|---|---|---|---|---|---|---|---|---|---|---|
| Dewey Decimal Classification | Baccah | Central Library | Central Library | Second Floor | 17/02/2014 | Purchase | 791.4372 WHA | 000035634 | 24/08/2022 | CD | DVD - Movie (NB) |